| 000 | 00989nas a2200325 4500 | ||
|---|---|---|---|
| 001 | BR2015005993 | ||
| 003 | BR-BrBNA | ||
| 005 | 20231205125825.0 | ||
| 007 | ta | ||
| 008 | 230509b bl.|||p| |||| 00| 00por d | ||
| 040 |
_aBR-BrBNA _bpor _cBiblioteca Nacional de Agricultura |
||
| 041 | _a(Pt) | ||
| 072 | _aF04; K10 | ||
| 100 | 1 | _aDuarte, M.L. | |
| 100 | 1 | _aPaiva, H.N. de | |
| 100 | 1 | _aAlves, M.O.A. | |
| 100 | 1 | _aFreitas, A.F. de | |
| 100 | 1 | _aMaia, F.F. | |
| 100 | 1 | _aGoulart, L.M.L. | |
| 245 | 1 | _aCrescimento e qualidade de mudas de vinhático (Platymenia foliolosa Benth.)em resposta à adubação com potássio e enxofre | |
| 650 | _aESSÊNCIA FLORESTAL | ||
| 650 | _aMUDA | ||
| 650 | _aQUALIDADE | ||
| 650 | _aPOTÁSSIO | ||
| 650 | _aENXOFRE | ||
| 650 | _aNUTRIÇÃO VEGETAL | ||
| 773 | 0 |
_tCiência Florestal (Brazil) _xISSN 0103-9954 _g(Jan-Mar 2015), v. 25(1) p. 221-229 _wBR2015005993 |
|
| 909 |
_a202311 _bLúcia _c55 _dLúcia Elande |
||
| 942 |
_2AGRIS _n0 _cANA |
||
| 999 |
_c246354 _d246354 |
||